| 000 | 00587nam a2200193Ia 4500 | ||
|---|---|---|---|
| 003 | GCL | ||
| 008 | 140319s9999 xx 000 0 ara d | ||
| 040 |
_aGCL / _cGCL |
||
| 082 | 0 | 4 |
_a764.8 _bا ك |
| 100 | 1 | _aامل مرجان | |
| 245 | 1 | 0 |
_aكتالوج الرسم على الحرير / _cامل مرجان |
| 300 | _a52 ص | ||
| 490 |
_aالهيئة العامة للاستعلامات _v0 |
||
| 650 | 0 | 4 | _aطباعة الحرير |
| 650 | 0 | 4 | _aالرسم بالالوان |
| 650 | 0 | 4 | _aطباعة المنسوجات |
| 650 | 0 | 4 | _aالطباعة الملونة |
| 942 |
_2ddc _cBK |
||
| 999 |
_c51925 _d51925 |
||